Statistics for Name the Chess Pieces by Picture

Click here to take the quiz!

General Stats

  • This quiz has been taken 81 times
  • The average score is 5 of 6

Answer Stats

Answer% Correct
Queen
96%
King
95%
Pawn
93%
Bishop
89%
Rook
89%
Knight
87%

Score Distribution

Percentile by Number Answered

Percent of People with Each Score

Your Score History

You have not taken this quiz